National Food of All Countries - Statistics

General Stats
  • This quiz has been taken 61 times
  • The average score is 12 of 103
Answer Stats
Country National Food % Correct
Japan Japanese Curry/Sushi/Ramen
69%
Italy Lasagna/Pizza/Polenta
67%
Mexico Taco
61%
Turkey Doner Kebab
49%
United States Hamburger/Hot Dog/Mac and Cheese
49%
Canada Poutine
45%
England Roast Beef Dinner/Fish and Chips/Chicken Tikka Masala
45%
North Korea Kimchi
37%
Ukraine Borscht
35%
Spain Paella
35%
Vietnam Pho
35%
Scotland Haggis
33%
Hungary Goulash
29%
Israel Falafel
27%
Thailand Pad Thai
27%
China Pecking Duck
24%
Algeria | Tunisia Couscous
20%
France Crepe
20%
India Biryani/Tandoori Chicken\Masala Dosa
18%
Ecuador | Peru Ceviche
18%
Australia Meat Pie
18%
Greece Moussaka
18%
Russia Pelmeni
18%
Austria Wiener Schnitzel
18%
Indonesia Nasi Goreng
16%
Poland Bigos
14%
Ghana Fufu
14%
Afghanistan Kabuli Pulao
14%
New Zealand Pavlova
14%
Kazakhstan Beshbarmak
12%
Iceland Hakarl
12%
Ireland Irish Stew
12%
Azerbaijan | Uzbekistan Plov
12%
Germany Sauerbraten
12%
United Arab Emirates Shawarma
12%
Sweden Swedish Meat Balls
12%
Netherlands Stamppot
10%
Brazil Feijoada
8%
Singapore Hainanese Chicken Rice
8%
Liechtenstein Kasknopfle
8%
Morocco Tagine
8%
Phillippines Chicken Abodo
6%
Bangladesh Fish and Rice
6%
Switzerland Rosti
6%
Portugal Bacalhau
4%
Colombia Bandeja Paisa
4%
Bosnia & Herzegovina Cevapi
4%
Costa Rica | Nicaragua Gallo Pinto
4%
Georgia Khachapuri
4%
Lebanon | Syria Kibbeh
4%
Laos Larb
4%
Malaysia Nasi Lemak
4%
Venezuela Pabellon criollo
4%
Lesotho Papa
4%
Chile Pastel de Choclo
4%
Sri Lanka Rice and Curry
4%
Cuba Ropa Vieja
4%
Equatorial Guinea Succotash
4%
Brunei Ambuyat
2%
Cambodia Amok Trey
2%
Monaco Barbagiuan
2%
Taiwan Beef Noodle Soup
2%
Belize Belizean Rice and Beans
2%
Slovakia Bryndzove
2%
Iran Chelo Kebab
2%
Bahrain Chicken Machboos
2%
Barbados Cou Cou with Flying Fish
2%
Bahamas Crack Conch with Peas and Rice
2%
Libya Cuscus Bil Bosla
2%
Nepal Dal Bhaath
2%
Hong Kong Dim Sums
2%
Bhutan Ema Datshi
2%
Norway Farikal
2%
Haiti Fried Pork with Rice and Beans
2%
Denmark Frikadeller
2%
Latvia Grey Peas with Bacon and Onion
2%
Luxembourg Judd mat Gaardebounen
2%
Egypt Kushari
2%
Dominican Republic La Bandera
2%
Kuwait Machboos
2%
Moldova Mamaliga
2%
Jordan Mansaf
2%
Uganda Matoke
2%
Belgium Moules Frites
2%
Pakistan Nihari
2%
Guyana Pepperpot
2%
Honduras Plato Tipico de Honduras
2%
Madagascar Romazava
2%
Yemen Saltah
2%
Estonia Verivorst
2%
Ivory Coast Aloco
0%
Cape Verde Cachupa
0%
Mauritius Dholl Puri
0%
Benin Kuli Kuli
0%
Comoros Langouste a la Vanille
0%
Cameroon Ndole
0%
Senegal Thieboudienne
0%
Kenya Ugali
0%
No matching quizzes found
Score Distribution
Percent of People with Each Score
Percentile by Number Answered
Your Score History
You have not taken this quiz